'M' Pictures by Category Quiz Stats

 Plays Quiz Updated Aug 3, 2014

Support Sporcle.
Go Orange.
Score 0/25 Timer 04:00
3 Plays Today
picture name % Correct
FoodMushrooms
99%
LogosMcDonalds
98.9%
Meatballs
97.6%
OccupationsModel
97%
Muffins
96.1%
VerbsMassaging
95.8%
Mime
95.4%
Mail Carrier
94.9%
Mittens
94%
Marching
93.8%
Milking
93.5%
Mercedes-Benz
93.2%
Macaroni and Cheese
92.7%
picture name % Correct
Things You WearMini Skirt
92.3%
Mask
92.1%
Miner
91.6%
Meditating
91.2%
Minimizing
91%
Michelin
89.3%
Mango
88.8%
Matador
85.1%
Motorola
83.6%
Monocle
83.1%
MGM
81.8%
Moccasins
79%

From the Vault

Angry Animals!

by MrChewypoo

After this quiz, we're never going to trust a rabbit again.
Remove Ads.
Support Sporcle.
Get the best of Sporcle when you Go Orange. This ad-free experience offers more features, more stats, and more fun while also helping to support Sporcle. Thank you for becoming a member.

Show Comments

Extras

Top Quizzes Today


Score Distribution

Your Account Isn't Verified!

In order to create a playlist on Sporcle, you need to verify the email address you used during registration. Go to your Sporcle Settings to finish the process.

Report this User

Report this user for behavior that violates our Community Guidelines.

Details: